| 000 | 01919nam0a2200373 4500 | ||
|---|---|---|---|
| 001 | RU\NLR\bibl\1394670 | ||
| 005 | 20250615202131.0 | ||
| 010 |
_a978-5-9775-0412-6 _92500 |
||
| 021 |
_aRU _b2009-40923 _92487 |
||
| 035 | _a(nilc)RSL-KNO-004331330 | ||
| 035 | _a(NLR Aleph) 001386697 | ||
| 090 |
_a1136115 _c1136115 |
||
| 100 | _a20090515d2009 |||y0rusy50 ca | ||
| 101 | 0 | _arus | |
| 102 | _aRU | ||
| 105 | _aa ||||||||| | ||
| 200 | 1 |
_aAdobe Dreamweaver CS4 _e[+видеокурс _eосновные принципы Web-дизайна, фреймовый, табличный и контейнерный Web-дизайн, каскадные таблицы стилей, Web-сценарии, использование эффектов и компонентов Spry, написание серверных Web-приложений, работа с наборами данных HTML и XML _eнаиболее полное руководство] _fВладимир Дронов |
|
| 210 |
_aСанкт-Петербург _cБХВ-Петербург _d2009 |
||
| 215 |
_a820 с. _cил. _d24 _e1 электрон. опт. диск (CD-ROM) |
||
| 225 | 1 | _aВ подлиннике | |
| 300 | _aНа 4-й с. обл. авт.: Дронов В.А., программист | ||
| 320 | _aПредм. указ.: с. 807-820 | ||
| 320 | _aДр. произведения авт. на 4-й с. обл. | ||
| 606 | 1 |
_aDREAM WEAVER CS4, визуальный редактор _jРуководства, пособия и т.п. _92563219 _3RU\NLR\auth\661516148 |
|
| 686 |
_aЗ973.233.02-044.5-018.3-5-05,07 _2rubbk |
||
| 686 | _aЗ988.02я7 | ||
| 700 | 1 |
_aДронов _bВ. А. _gВладимир Александрович _4070 |
|
| 801 | 0 |
_aRU _bРКП _c20090515 _grcr |
|
| 801 | 1 |
_aRU _bРГБ _c20090515 |
|
| 801 | 2 |
_aRU _bNLR _c20090723 _grcr |
|
| 830 | _aавт. по кн. | ||
| 942 | _cBOOK | ||
| 980 | _aNB | ||